Diseño de un horno eléctrico

Gorde:
Xehetasun bibliografikoak
Egile nagusia: Flores Rodríguez, Adrían Francisco
Beste egile batzuk: Ruiz B, Saúl Director de Proyecto Eléctrico
Formatua: Liburua
Argitaratua: [San José , Costa Rica] 1973
Etiketak: Etiketa erantsi
Etiketarik gabe, Izan zaitez lehena erregistro honi etiketa jartzen!

MARC

LEADER 00000nam a2200000Ia 4500
003 PIE050
005 20231113103005.0
008 140116s1973 c a m 000 ||s d
040 |c cru CEDI 
090 |a PIE-50 
100 |a Flores Rodríguez, Adrían Francisco  |9 16712 
245 |a Diseño de un horno eléctrico 
260 |a [San José , Costa Rica]  |c 1973 
300 |a 38 hojas ;ilustraciones 
500 |a A la cabeza de la portada. Universidad de Costa Rica. Facultad de Ingeniería. Escuela de Ingeniería Eléctrica. Mecánica e Industrial. Proyecto Eléctrico  
501 |a Profesor Guía: Ing. Saúl Ruiz B. 
700 |a  Ruiz B, Saúl  |d Director de Proyecto Eléctrico   |9 1751 
942 |c PIE  |h PIE-50  |i PIE050  |6 PIE_50_PIE050 
999 |c 13428  |d 13428